Principios de derecho internacional / (Record no. 151803)

MARC details
000 -LEADER
campo de control de longitud fija 01077nam a22002655i 4500
001 - NÚMERO DE CONTROL
campo de control 151803
003 - IDENTIFICADOR DE NÚMERO DE CONTROL
campo de control ES-MaACL
005 - FECHA Y HORA DE LA ÚLTIMA TRANSACCIÓN
campo de control 20250930063130.0
008 - DATOS DE LONGITUD FIJA--INFORMACIÓN GENERAL
campo de control de longitud fija 960920s1883 sp |||| | spa d
040 ## - FUENTE DE CATALOGACIÓN
Centro catalogador/agencia de origen CYL
Lengua de catalogación spa
Centro/agencia transcriptor CYL
100 ## - ENTRADA PRINCIPAL--NOMBRE DE PERSONA
Nombre de persona Bello, Andrés,
Fechas asociadas al nombre 1781-1865
9 (RLIN) 221746
245 10 - MENCIÓN DEL TÍTULO
Título Principios de derecho internacional /
Mención de responsabilidad, etc. por Andrés Bello.
250 ## - MENCION DE EDICION
Mención de edición Nueva edición
Resto de la mención de edición ilustrada con notas por Carlos Martínez Silva.
260 ## - PUBLICACIÓN, DISTRIBUCIÓN, ETC.
Lugar de publicación, distribución, etc. Madrid :
Nombre del editor, distribuidor, etc. [s.n.],
Fecha de publicación, distribución, etc. 1883 (
Fabricante Imprenta de A. Pérez Dubrull)
300 ## - DESCRIPCIÓN FÍSICA
Extensión 2 v. ;
Dimensiones 17 cm.
490 1# - MENCIÓN DE SERIE
Mención de serie Colección de escritores castellanos. Jurisconsultos ;
Designación de volumen o secuencia 10, 11
505 8# - NOTA DE CONTENIDO CON FORMATO
Nota de contenido con formato Contiene : t. I. Estado de paz (XXXIII, 357 p.) -- t. II. Estado de guerra (392 p.)
597 ## - NOTA DE DESCRIPCIÓN FÍSICA
NOTA DE DESCRIPCIÓN FÍSICA Portada adicional.
700 #1 - ENTRADA AGREGADA--NOMBRE PERSONAL
Nombre de persona Martínez Silva, Carlos,
Fechas asociadas al nombre 1847-
Término indicativo de función/relación
9 (RLIN) 221749
700 21 - ENTRADA AGREGADA--NOMBRE PERSONAL
Nombre de persona Perez Dubrull, Antonio.
9 (RLIN) 221752
752 ## - ENTRADA AGREGADA--NOMBRE JERÁRQUICO DEL LUGAR
País o entidad superior España -
Ciudad Madrid
830 0# - PUNTO DE ACCESO ADICIONAL DE SERIE-TÍTULO UNIFORME
Título uniforme Colección de escritores castellanos. Jurisconsultos ;
Designación de volumen o secuencia 10, 11
9 (RLIN) 221270
852 ## - LOCALIZACIÓN
Ubicación ES-MaACL
Número de control de estantería F-12427-12428
Nota libre -- Enc. hol.
Holdings
Estatus retirado Estado de pérdida Estado de daño No para préstamo Colección Biblioteca de origen Biblioteca actual Ubicación en estantería Fecha de adquisición Fuente de adquisición Total de préstamos Signatura topográfica completa Código de barras Visto por última vez Precio de reemplazo Tipo de ítem Koha
        Libros del s. XIX Biblioteca del Ateneo de Madrid Biblioteca del Ateneo de Madrid Sala Pecera Planta 2 17/01/2008     F-12427-12428 1158434 23/02/2023 23/02/2023 Libro impreso antiguo